চিন্তার স্বাধীনতার ইতিহাস = A History of Freedom of Thought / (Record no. 40457)
[ view plain ]
| 000 -LEADER | |
|---|---|
| fixed length control field | 01164nam a2200277 a 4500 |
| 001 - CONTROL NUMBER | |
| control field | 40457 |
| 003 - CONTROL NUMBER IDENTIFIER | |
| rucl marc code | BD-RjUL |
| 005 - DATE AND TIME OF LATEST TRANSACTION | |
| control field | 20211209053222.0 |
| 008 - FIXED-LENGTH DATA ELEMENTS--GENERAL INFORMATION | |
| fixed length control field | 160502s2007 bg ||||e b||| 00| 0 ben d |
| 020 ## - INTERNATIONAL STANDARD BOOK NUMBER | |
| International Standard Book Number | 9840746006 |
| Terms of availability | : TK. 80.00 |
| 035 ## - SYSTEM CONTROL NUMBER | |
| System control number | (BD-RjUL)40572 |
| 040 ## - CATALOGING SOURCE | |
| Original cataloging agency | BD-RjUL |
| Language of cataloging | ben |
| Transcribing agency | BD-RjUL |
| 041 ## - LANGUAGE CODE | |
| Language code of text/sound track or separate title | ben |
| 082 ## - DEWEY DECIMAL CLASSIFICATION NUMBER | |
| Edition number | 23 |
| Author mark and year | BUC 2007 |
| Classification number | 211.4 |
| 100 ## - MAIN ENTRY--PERSONAL NAME | |
| Personal name | বিউরি, জে. বি. |
| 9 (RLIN) | 124614 |
| 245 10 - TITLE STATEMENT | |
| Title | চিন্তার স্বাধীনতার ইতিহাস = A History of Freedom of Thought / |
| Statement of responsibility, etc. | জ়ে. বি. বিউরি ; অনুবাদ প্রীতি কুমার মিত্র |
| 260 ## - PUBLICATION, DISTRIBUTION, ETC. (IMPRINT) | |
| Place of publication, distribution, etc. | ঢাকা : |
| Name of publisher, distributor, etc. | বাংলা একাডেমী, |
| Date of publication, distribution, etc. | ২০০৭ |
| 300 ## - PHYSICAL DESCRIPTION | |
| Pagination | [১২], ১২৮ পৃ. ; |
| Size | ২২ সেমি. |
| 490 ## - SERIES STATEMENT | |
| Series statement | বাএ : |
| Volume/sequential designation | ৪৫৯১ |
| 504 ## - BIBLIOGRAPHY, ETC. NOTE | |
| Bibliography, etc | গ্রন্থপঞ্জি সংযুক্ত |
| 650 ## - SUBJECT ADDED ENTRY--TOPICAL TERM | |
| Topical term or geographic name as entry element | মুক্তচিন্তা |
| 9 (RLIN) | 124617 |
| Topical term or geographic name as entry element | Free thought |
| 9 (RLIN) | 124618 |
| 700 ## - ADDED ENTRY--PERSONAL NAME | |
| Personal name | মিত্র, প্রীতি কুমার, অনুবাদক |
| 830 ## - SERIES ADDED ENTRY--UNIFORM TITLE | |
| Uniform title | বাএ : |
| Volume number/sequential designation | ৪৫৯১ |
| 942 ## - ADDED ENTRY ELEMENTS (KOHA) | |
| Source of classification or shelving scheme | Dewey Decimal Classification |
| Koha item type | Books |
| Lost status | Source of classification or shelving scheme | Damaged status | Not for loan | Collection code | Permanent Location | Current Location | Shelving location | Date acquired | Source of acquisition | Cost, normal purchase price | Total Checkouts | Full call number | Date last seen | Copy number | Koha item type |
|---|---|---|---|---|---|---|---|---|---|---|---|---|---|---|---|
| Dewey Decimal Classification | Non-fiction | Central Library, University of Rajshahi | Central Library, University of Rajshahi | 01/02/2012 | Bangla Academy, Dhaka | 80.00 | B 211.4 BUC 2007 | 02/05/2016 | C-2 | Books | |||||
| Dewey Decimal Classification | Non-fiction | Central Library, University of Rajshahi | Central Library, University of Rajshahi | 01/02/2012 | Bangla Academy, Dhaka | 80.00 | B 211.4 BUC 2007 | 02/05/2016 | C-3 | Books | |||||
| Dewey Decimal Classification | Not For Loan | Non-fiction | Central Library, University of Rajshahi | Central Library, University of Rajshahi | Reading Room | 28/03/2009 | Dhaka, Bangla Academy. | 80.00 | B 211.4 BUC 2007 | 16/03/2017 | C-1 | Books |